000 00774nam a2200193Ia 4500
003 GCL
008 140319s9999 xx 000 0 ara d
040 _aGCL /
_cGCL
082 0 4 _a641.5
_bع م
100 1 _aعماد فرحات
245 1 0 _aموسوعة الطبخ المصور - الماكولات النباتية :
_bاكثر من خمسة وسبعين طبقا من اطايب الطبخ النباتى بوصفاته الشهية والصحية /
_cعماد فرحات
250 _aالاولى
260 _aبيروت :
_bمكتبة لبنان ناشرون ،
_c1999
300 _a94 ص ؛
_c32 سم
650 0 4 _aالوجبات الغذائية
650 0 4 _aالماكولات النباتية
650 0 4 _aالاغذية - تحضير
942 _2ddc
_cBK
999 _c56829
_d56829